¿ Y si la confianza fuera el punto de partida? / (Registro nro. 32476)
[ vista simple ]
| 000 -CABECERA | |
|---|---|
| campo fijo de control de longitud | 01210nab a2200241 4500 |
| 003 - IDENTIFICADOR DEL NÚMERO DE CONTROL | |
| campo de control | AR-RoBPED |
| 005 - FECHA Y HORADE LA ULTIMA TRANSACCION | |
| campo de control | 20260330110018.0 |
| 008 - ELEMENTOS DE LONGITUD FIJA--INFORMACION GENERAL | |
| campo fijo de control de longitud | 260330b |||||||| |||| 00| 0 spa d |
| 040 ## - FUENTE CATALOGADORA | |
| Centro catalogador/agencia de origen | AR-RoBPED |
| 041 ## - IDIOMA | |
| Código de idioma para texto/pista de sonido o título independiente | spa |
| 100 1# - ENCABEZAMIENTO PRINCIPAL--AUTOR PERSONAL | |
| Nombre de persona | Iturrioz, Micaela |
| 9 (RLIN) | 22282 |
| Función | Licenciada en Psicopedagogía |
| 245 1# - TITULO | |
| Título | ¿ Y si la confianza fuera el punto de partida? / |
| 260 ## - PUBLICACION | |
| Lugar | Buenos Aires : |
| Editor | Noveduc, |
| Fecha | 2025 |
| 300 ## - DESCRIPCION FISICA | |
| Extensión | 37-39 p. |
| 500 ## - NOTA GENERAL | |
| Nota general | La autora tensiona distintos modos de entender la enseñanza y se detiene en la transmisión como un proceso que excede el simple intercambio de conocimientos. A partir de una experiencia concreta, reflexiona sobre el valor del vínculo, la confianza mutua y la renuncia a la lógica del explicador, mostrando cómo estas dimensiones permiten que cada sujeto-despliegue aprendizajes y autonomía en su propio camino. |
| 650 #7 - TERMINO DE MATERIA--CONTROLADO | |
| Término controlado | RELACION DOCENTE-ALUMNO |
| 9 (RLIN) | 716 |
| Término controlado | ROL DEL DOCENTE |
| 9 (RLIN) | 869 |
| Término controlado | APRENDIZAJE |
| 9 (RLIN) | 560 |
| Término controlado | PEDAGOGIA |
| 9 (RLIN) | 256 |
| 773 0# - DOCUMENTO FUENTE | |
| Host Biblionumber | 20414 |
| Host Itemnumber | 41863 |
| Place, publisher, and date of publication | Buenos Aires : Noveduc, 1993- |
| Título | Novedades Educativas |
| Record control number | (AR-RoBPED)20414 |
| International Standard Serial Number | 03283534 |
| 942 ## - ELEMENTOS KOHA | |
| Fuente de clasificación | Universal Decimal Classification |
| Koha tipo de ítem | Revistas |
| Clasificación | 37(05) |
| Signatura librística | Nov 86 N° 403 (Ago.2025) |
| Número Koha | k.32476 |
| 945 ## - PROCESAMIENTO DE LA INFORMACIÓN LOCAL | |
| Catalogador y fecha | mar 03/2026 |
No hay ítems disponibles.